000 00489nam a2200181Ia 4500
001 13654
005 20260306164817.0
008 260306t2017||||xx |||||||||||||| ||spa||
041 _aESP
082 _a005.1
_bS741
100 _aSharma, Sanjeev
_eAUT
245 4 _aThe dev0ps adoption playbook:
_ba guide to adopting dev0ps in a multi-speed IT enterprise
260 _c2017
300 _axxxii, 382 páginas :
_c23 cm.
650 _aGEN
654 _aCCC
942 _cLIB
_dJUS
_fJUS
_2ddc
_n
999 _c13654
_d13654